Score 0/26 Timer 06:00
0 Plays Today
% Correct
gymnasium
88.3%
gymnastic horse
88.3%
gynecology
84.4%
gynecocracy
81.4%
gymnastics
80.5%
gyrate
75.3%
gypsy
74.9%
gyroplane
74.9%
gypsum
72.7%
gyroscope
72.7%
gypsography
71.4%
gyrfalcon
69.3%
gyro
66.2%
% Correct
gyp
65.4%
gypsyweed
64.1%
gymnomania
61%
gyves
55%
gymnosperm
54.5%
gymkhana
49.8%
gyprock
49.4%
gymnorhinal
49.4%
gyani
48.5%
gybe
38.5%
gymnosophist
29.4%
gymel
27.3%
gyle
20.8%
Remove Ads.
Support Sporcle.
Get the best of Sporcle when you Go Orange. This ad-free experience offers more features, more stats, and more fun while also helping to support Sporcle. Thank you for becoming a member.

You're not logged in!

Compare scores with friends on all Sporcle quizzes.
OR
Log In

Sporcle TV

Today on Sporcle TV


Watch our educational content, quiz creation guides, and fun videos on Sporcle TV.

Show Comments

Extras

Top Quizzes Today


Score Distribution

Paid Content

Your Account Isn't Verified!

In order to create a playlist on Sporcle, you need to verify the email address you used during registration. Go to your Sporcle Settings to finish the process.

Report this User

Report this user for behavior that violates our Community Guidelines.

Details: